|
|
|
|
| LEADER |
00000nab a2200000 a 4500 |
| 001 |
vtls000122038 |
| 003 |
SK-MaSNL |
| 005 |
20260304054434.0 |
| 008 |
250422c1982 xo 0 slo |
| 015 |
|
|
|a SNBRB19rr/mm-uuuuu
|
| 035 |
|
|
|a CL0132143
|
| 035 |
|
|
|a urn:nbn:sk:snk-abf099
|
| 035 |
|
|
|a (urnnbn)urn:nbn:sk:snk:ar-003v0i
|
| 035 |
|
|
|a (uuid)2d310dbb-733e-4008-b8e5-c1d2c3cd4393
|
| 040 |
|
|
|a SNKBUCL
|b slo
|c SNKBUCL
|e AACR2
|
| 041 |
0 |
|
|a slo
|
| 044 |
|
|
|a xo
|c SK
|
| 080 |
|
|
|a 633.4
|2 1981
|
| 080 |
|
|
|a 631.1
|2 1981
|
| 100 |
1 |
|
|a Vaškovský, Pavel
|4 aut
|9 5613
|
| 245 |
1 |
0 |
|a Ekonomika výroby zemiakov JRD na Slovensku
|c Pavel Vaškovský
|
| 300 |
|
|
|b Obr. 4. Tb. 4. Res. angl., rus.
|
| 650 |
0 |
7 |
|a zemiaky
|2 snkbucl
|9 2709
|
| 655 |
|
7 |
|a články z novín a časopisov
|2 snkbucl
|9 267496
|
| 773 |
0 |
|
|t Poľnohospodárstvo
|g Roč. 28, č. 5 (1982), s. 450-455
|
| 850 |
|
|
|a Slovenská národná knižnica
|
| 852 |
|
|
|a Slovenská národná knižnica
|
| 954 |
|
|
|a odborná, vedecká literatúra pôvodná (slovenská)
|2 lita
|
| 958 |
|
|
|a article27
|
| 958 |
|
|
|a RK
|
| 958 |
|
|
|a OND
|
| 958 |
|
|
|a EUIPO
|
| 992 |
|
|
|a RBX
|
| 999 |
|
|
|c 2718913
|d 2720843
|